000 00326nam a22001337a 4500
005 20250320191352.0
008 250320b |||||||| |||| 00| 0 eng d
020 _a9780273688013
050 _aG 155 BUS
_b1
100 _aBEECH, John
245 _aThe business of tourism management
300 _axxi,577p
942 _2lcc
_cBK
_n0
999 _c5027
_d5027